000 01052nam a2200313 i 4500
003 EG-GICUC
005 20260508103222.0
008 260508s1938 eg ||||fr|||| 00| 0 fre d
040 _aEG-GiCUC
_bfre
_cEG-GiCUC
_dEG-GiCUC
_eRda
041 0 _afre
082 0 4 _221
_a343.82
_bGU . B
092 0 4 _221
099 _aLaw1 10 343.82 GU . B 1938
100 1 _aGunzburg, N
_eAuteur
245 1 3 _aLa bio-psychologie criminelle /
_cpar le Prof. N. Gunzburg
264 1 _aLe Caire :
_bF. E. Noury & Fils,
_c1938.
300 _a148 page ;
_c 24 cm.
_billustration ;
336 _2rda contenu
_a texte
337 _2rda medias
_aOrdinateur
338 _2 transporteur rda
_a Ressource en ligne
500 _a Extrait de la revue “Al Qanoun wal Iqtisad”, VIIIe année, no. 3, mars 1938.
504 _aComprend des références bibliographiques.
546 _aTexte en français
650 1 4 _aDroit pénal
_2qrmak
651 1 _2qrmak
856 4 0 _uhttps://fll.law.cu.edu.eg/fulltext/bks/B10-11914.pdf
905 _a74
942 _2ddc
_n0
_cBK
_e21
999 _c76249
_d76249